| 000 | 00000nam##2200000za#4500 |
| 001 | 9.662199 |
| 003 | CaOODSP |
| 005 | 20210615120428 |
| 007 | ta |
| 008 | 150407|2001||||xxc||||| f|0| 0 eng|d |
| 020 | |a0-662-65256-8 |
| 040 | |aCaOODSP|beng |
| 041 | |aeng |
| 041 | |afre |
| 043 | |an-cn--- |
| 086 | 1 |aEn104-3/2001 |
| 110 | 1 |aCanada. |bCanadian Environmental Assessment Agency. |
| 245 | 10|aStrengthening environmental assessment for Canadians: report of the Minister of the Environment to the Parliament of Canada on the review of the Canadian Environmental Assessment Act |
| 260 | |aOttawa - Ontario : |bCanadian Environmental Assessment Agency |c2001. |
| 300 | |aEnglish text, v, 28p. : |billus. ; |c28 cm. |
| 500 | |a"This report to Parliament conveys the findings and recommendations of the review of the Canadian Environmental Assessment Act (the Act). The report provides the context for the federal government's bill, An Act to amend the Canadian Environmental Assessment Act."--Executive Summary. |
| 520 | 3 |aThis report to Parliament conveys the findings and recommendations of the review of the Canadian Environmental Assessment Act (the Act). The report provides the context for the federal government's bill, An Act to amend the Canadian Environmental Assessment Act.--Executive Summary |
| 546 | |aBilingual |
| 563 | |aSoftcover |
| 590 | |a01-13|b2001-03-30 |
| 690 | 07|aEnvironmental impact assessment|2gcpds |
| 690 | 07|aEnvironmental management|2gcpds |
| 690 | 07|aEnvironmental law|2gcpds |
| 776 | 0#|tRenforcer l'évaluation environnementale pour les Canadiens : |w(CaOODSP)9.639913 |
| 776 | 0#|tStrengthening environmental assessment for Canadians : |w(CaOODSP)9.695822 |
| 792 | |tRenforcer l'évaluation environnementale pour les Canadiens: rapport du ministre de l'Environnement au Parlement canadien sur l'examen de la Loi canadienne sur l'évaluation environnementale |efre|w(CaOODSP)9.662200 |